Fiškálne a ekonomické dôsledky krízy v krajinách EÚ
Kríza a jej prejavy v Európe. Systémová banková kríza v krajinách EÚ. Fiškálne dôsledky bankovej krízy v krajinách Európskej únie. Fiškálne náklady bankovej krízy v EÚ. Dopady krízy na kondíciu verejných financií.
Guardado en:
| Autor principal: | |
|---|---|
| Otros Autores: | |
| Formato: | Capítulo de libro |
| Lenguaje: | eslovaco |
| Materias: | |
| Etiquetas: |
Sin Etiquetas, Sea el primero en etiquetar este registro!
|
MARC
| LEADER | 00000naa a2200000 4500 | ||
|---|---|---|---|
| 001 | 0191914 | ||
| 005 | 20220322123151.6 | ||
| 041 | 0 | |a slo | |
| 044 | |a SK | ||
| 245 | 1 | 0 | |a Fiškálne a ekonomické dôsledky krízy v krajinách EÚ |c Jozef Medveď, Viktória Vargová |
| 520 | |a Kríza a jej prejavy v Európe. Systémová banková kríza v krajinách EÚ. Fiškálne dôsledky bankovej krízy v krajinách Európskej únie. Fiškálne náklady bankovej krízy v EÚ. Dopady krízy na kondíciu verejných financií. | ||
| 610 | 2 | 0 | |a Európska únia |
| 610 | 2 | 0 | |a kríza finančná |
| 610 | 2 | 0 | |a kríza hospodárska |
| 610 | 2 | 0 | |a bankovníctvo |
| 610 | 2 | 0 | |a politika finančná |
| 610 | 2 | 0 | |a politika fiškálna |
| 100 | 1 | |a Medveď, Jozef | |
| 700 | 1 | |a Vargová, Viktória | |